000 00328nam a2200133Ia 4500
005 20251222144704.0
008 251222s9999||||xx |||||||||||||| ||spa||
020 _a958-600-522-4
082 _a650.1/B7
100 _aBoot, Richard
245 0 _aManejo de lo Desconocido:
264 _bMcGRAW-HILL INTERAMERICANA
942 _cLIB
999 _c17571
_d17571